| 000 | 01107pab a2200217 454500 | ||
|---|---|---|---|
| 008 | 180718b1998 xxu||||| |||| 00| 0 eng d | ||
| 100 | _aBhargava, B.S. | ||
| 245 | _aProtective discrimination and development of scheduled castes: An alternative model for good governance | ||
| 260 | _c1998 | ||
| 300 | _ap.508-519. | ||
| 362 | _aJul-Sep | ||
| 520 | _aFollowing a brief outlining of issue, current importance, genesis and logic of the reservation policy, the authors attempt an objective analysis of the policy to ascertain its implications and impact an socio-economic upliftment of the targeted section of population. Using the term `protective discrimination' interchangibly with reservation policy, they present an alternative model specifyingly suggesting how to follow the policy and to whom its benefits be channelised. - Reproduced | ||
| 650 | _aScheduled caste | ||
| 650 | _aGood governance - India | ||
| 650 | _aBackward classes - India | ||
| 650 | _aBackward classes | ||
| 700 | _aSamal, Avinash | ||
| 773 | _aIndian Journal of Public Administration | ||
| 908 | _aN | ||
| 909 | _a39388 | ||
| 999 |
_c39388 _d39388 |
||